000 00639nam a2200217 a 4500
999 _c3445
_d3445
001 3445
003 BD-JhCC
005 20171118134533.0
008 171113s1975 bg |||| ||a| 000 0 ben d
035 _a(BD-JhCC)3445
040 _aBD-JhCC
_dBD-JhCC
041 _aben
082 _a891.4415
_bAHM 1975
100 _aআহমদ, এখলাস উদ্দিন
245 _aবৈঠকী ছড়া /
_cএখলাস উদ্দিন আহমদ,
260 _aঢাকা :
_bবাংলা একাডেমী,
_c1975
300 _a20 P. :
_c20 cm.
650 _aBengali Poem
942 _2ddc
_cBK